000 003060000a22001450004500
003 MACL
040 _aMACL
090 _c34630
_d34628
100 _aC V Vaidya
245 _aHistory of Medieval India
260 _bCosmo Publications
_c1979
350 _a295
650 _aHistory
942 _cBOOK
_k900/Vai
999 _c34265
_d34265